Normal view
MARC view
- اعداد ، المكتب الفني بادارة طارق شفيق نبيل
Entry Personal Name
001 - CONTROL NUMBER
- control field: 47064
003 - CONTROL NUMBER IDENTIFIER
- control field: JO-AjAnu
005 - DATE AND TIME OF LATEST TRANSACTION
- control field: 20230606081755.0
008 - FIXED-LENGTH DATA ELEMENTS
- fixed length control field: 230606|| aca||aabn | a|a d
040 ## - CATALOGING SOURCE
- Original cataloging agency: JO-AjAnu
- Transcribing agency: JO-AjAnu
100 ## - HEADING--PERSONAL NAME
- Personal name: اعداد ، المكتب الفني بادارة طارق شفيق نبيل
670 ## - SOURCE DATA FOUND
- Source citation: Work cat.: (JO-AjAnu)24087: اعداد ، المكتب الفني بادارة طارق شفيق نبيل, author, المبادئ القانونية لمحكمة التميز في القضايا الحقوقية المنشورة في مجلة نقابة المحامين منذ بداية سنة 1971 حتى نهاية سنة 1975 ،الجزء الثالث